000 01040namaa22003011i 4500
003 EG-GICUC
005 20260224111355.0
008 260224s2000 ua ||||jr|||| 000 0 ara d
040 _aEG-GiCUC
_bara
_cEG-GiCUC
_dEG-GiCUC
_erda
082 0 4 _221
_a303.6
_bA411
092 0 4 _221
_a303.6
_bA411
099 _a303.6 A411
100 1 _aعلى، حيدر ابراهيم.
_eمؤلف.
245 _aمواقف فكرية /
_cحيدر ابراهيم على.
250 _aالطبعة الاولى.
264 _aالقاهرة :
_bمركز الدراسات السودانية،
_c2000.
300 _a267 ؛ صفحة
_c24 سم.
336 _2rdacontent
_atext
337 _2rdamedia
_aUnmediated
338 _2rdacarrier
_avolume
504 _aيشتمل على ارجاعات ببليوجرافية.
541 _aد . جابر عصفور ؛
_bالقاهرة ؛
_cإهداء ؛
_d2024.
650 1 7 _aالعنف
_2qrmak
650 1 7 _aالتغير الاجتماعى
_2qrmak
651 1 _2qrmak
905 _aNoha
942 _2ddc
_cBK
_e21
_n0
999 _c178697
_d178697